Statistics for Country to Country ABC Chain 2

Click here to take the quiz!

General Stats

  • This quiz has been taken 36 times
  • The average score is 18 of 23

Answer Stats

Argentina% Correct
BRAZIL
97%
COLOMBIA
97%
FRANCE
91%
DOMINICA
88%
HUNGARY
88%
ECUADOR
84%
GERMANY
84%
ITALY
81%
JORDAN
78%
KUWAIT
78%
QATAR
75%
YEMEN
75%
ZAMBIA
75%
LEBANON
72%
OMAN
72%
VATICAN
72%
PAKISTAN
69%
RUSSIA
69%
UNITED KINGDOM
69%
MONTENEGRO
66%
NORTH MACEDONIA
66%
SWEDEN
63%
TUNISIA
63%

Score Distribution

Percentile by Number Answered

Percent of People with Each Score

Your Score History

You have not taken this quiz